<?xml version="1.0" encoding="UTF-8"?>
<record
    xmlns:xsi="http://www.w3.org/2001/XMLSchema-instance"
    xsi:schemaLocation="http://www.loc.gov/MARC21/slim http://www.loc.gov/standards/marcxml/schema/MARC21slim.xsd"
    xmlns="http://www.loc.gov/MARC21/slim">

  <leader>04491cam a2200349   4500500</leader>
  <controlfield tag="005">20260517000349.0</controlfield>
  <datafield tag="041" ind1=" " ind2=" ">
    <subfield code="a">fre</subfield>
  </datafield>
  <datafield tag="042" ind1=" " ind2=" ">
    <subfield code="a">dc</subfield>
  </datafield>
  <datafield tag="100" ind1="1" ind2="0">
    <subfield code="a">Michot, Pauline</subfield>
    <subfield code="e">author</subfield>
  </datafield>
  <datafield tag="700" ind1="1" ind2="0">
    <subfield code="a">Catala, Olivier</subfield>
    <subfield code="e">author</subfield>
  </datafield>
  <datafield tag="700" ind1="1" ind2="0">
    <subfield code="a">Supper, Ir&#xE8;ne</subfield>
    <subfield code="e">author</subfield>
  </datafield>
  <datafield tag="700" ind1="1" ind2="0">
    <subfield code="a">Boulieu, Roselyne</subfield>
    <subfield code="e">author</subfield>
  </datafield>
  <datafield tag="700" ind1="1" ind2="0">
    <subfield code="a">Zerbib, Yves</subfield>
    <subfield code="e">author</subfield>
  </datafield>
  <datafield tag="700" ind1="1" ind2="0">
    <subfield code="a">Colin, Cyrille</subfield>
    <subfield code="e">author</subfield>
  </datafield>
  <datafield tag="700" ind1="1" ind2="0">
    <subfield code="a">Letrilliart, Laurent</subfield>
    <subfield code="e">author</subfield>
  </datafield>
  <datafield tag="245" ind1="0" ind2="0">
    <subfield code="a">Coop&#xE9;ration entre m&#xE9;decins g&#xE9;n&#xE9;ralistes et pharmaciens&#xA0;: une revue syst&#xE9;matique de la litt&#xE9;rature</subfield>
  </datafield>
  <datafield tag="260" ind1=" " ind2=" ">
    <subfield code="c">2013.
							</subfield>
  </datafield>
  <datafield tag="500" ind1=" " ind2=" ">
    <subfield code="a">67</subfield>
  </datafield>
  <datafield tag="520" ind1=" " ind2=" ">
    <subfield code="a">Introduction?: alors que le d&#xE9;veloppement de coop&#xE9;rations interprofessionnelles entre m&#xE9;decins g&#xE9;n&#xE9;ralistes et pharmaciens est attendu, l&#x2019;efficacit&#xE9; des interventions envisageables est peu connue. L&#x2019;objectif de cette &#xE9;tude &#xE9;tait d&#x2019;&#xE9;valuer l&#x2019;efficacit&#xE9; des interventions de coop&#xE9;ration entre m&#xE9;decins g&#xE9;n&#xE9;ralistes et pharmaciens. M&#xE9;thodes?: une revue syst&#xE9;matique de la litt&#xE9;rature internationale a &#xE9;t&#xE9; r&#xE9;alis&#xE9;e, &#xE0; partir des banques de donn&#xE9;es Medline, Cochrane et Pascal. Les mots-cl&#xE9;s et/ou termes de recherche (&#xAB;?family physician(s)?&#xBB; ou &#xAB;?general practitioner(s)?&#xBB;) et &#xAB;?pharmacist(s)?&#xBB; ont &#xE9;t&#xE9; crois&#xE9;s. &#xC9;taient retenus les essais cliniques randomis&#xE9;s dont les r&#xE9;sultats &#xE9;taient publi&#xE9;s en fran&#xE7;ais ou en anglais et qui testaient l&#x2019;efficacit&#xE9; de l&#x2019;intervention compl&#xE9;mentaire du pharmacien par rapport &#xE0; celle du m&#xE9;decin g&#xE9;n&#xE9;raliste. R&#xE9;sultats?: au total, 22 articles ont &#xE9;t&#xE9; inclus. Seize essais montraient un b&#xE9;n&#xE9;fice pour les patients li&#xE9; &#xE0; l&#x2019;intervention des pharmaciens dans la gestion d&#x2019;un probl&#xE8;me de sant&#xE9; chronique ou dans la gestion des traitements m&#xE9;dicamenteux. Un tel b&#xE9;n&#xE9;fice &#xE9;tait observ&#xE9; en particulier dans la prise en charge de l&#x2019;hypertension art&#xE9;rielle et de l&#x2019;hypercholest&#xE9;rol&#xE9;mie, et pour limiter les probl&#xE8;mes de prescription m&#xE9;dicamenteuse. Les crit&#xE8;res de jugements des essais &#xE9;taient le plus souvent des crit&#xE8;res de proc&#xE9;dure ou des crit&#xE8;res de r&#xE9;sultats interm&#xE9;diaires, et ne comportaient jamais d&#x2019;analyses co&#xFB;t-efficacit&#xE9;. Discussion?: la coop&#xE9;ration entre les pharmaciens et les m&#xE9;decins g&#xE9;n&#xE9;ralistes peut contribuer &#xE0; la qualit&#xE9; des soins de sant&#xE9; primaire, en particulier dans le cadre de la prise en charge des probl&#xE8;mes cardio-m&#xE9;taboliques et de prescription.</subfield>
  </datafield>
  <datafield tag="520" ind1=" " ind2=" ">
    <subfield code="a">Cooperation between general practitioners and pharmacists: a systematic review Introduction: Despite the emphasis on interprofessional cooperation between general practitioners and pharmacists, the effectiveness of interventions in this area is poorly understood. The purpose of this study was to assess the effectiveness of interventions based on cooperation between general practitioners and pharmacists. Methods: A systematic literature review was conducted using MEDLINE, the Cochrane Database and the PASCAL database. Keywords and/or search terms (&#x201C;family physician(s)&#x201D; or &#x201C;general practitioner(s)&#x201D; and &#x201C;pharmacist(s)&#x201D;) were cross-referenced. We included the results of all randomized clinical trials published in English or French and assessed the effectiveness of pharmacist interventions designed to complement the work of general practitioners. Results: In total, 22 articles were included. Sixteen trials showed that pharmacist interventions in the management of chronic health conditions and drug therapy management benefit patients. The evidence suggests that pharmacist interventions have a positive impact on the management of arterial hypertension and hypercholesterolemia and the management of drug-related problems. The criteria used for the trials were generally procedural or surrogate criteria and never included cost-effectiveness analyses. Discussion: Cooperation between pharmacists and general practitioners can contribute to improving the quality of primary care, especially in the areas of cardiometabolic and prescription problems.</subfield>
  </datafield>
  <datafield tag="690" ind1=" " ind2=" ">
    <subfield code="a">m&#xE9;decin g&#xE9;n&#xE9;raliste</subfield>
  </datafield>
  <datafield tag="690" ind1=" " ind2=" ">
    <subfield code="a">organisation des soins</subfield>
  </datafield>
  <datafield tag="690" ind1=" " ind2=" ">
    <subfield code="a">pharmacien</subfield>
  </datafield>
  <datafield tag="690" ind1=" " ind2=" ">
    <subfield code="a">revue de litt&#xE9;rature</subfield>
  </datafield>
  <datafield tag="690" ind1=" " ind2=" ">
    <subfield code="a">soins de sant&#xE9; primaire</subfield>
  </datafield>
  <datafield tag="690" ind1=" " ind2=" ">
    <subfield code="a">general practitioner</subfield>
  </datafield>
  <datafield tag="690" ind1=" " ind2=" ">
    <subfield code="a">health care organization</subfield>
  </datafield>
  <datafield tag="690" ind1=" " ind2=" ">
    <subfield code="a">pharmacist</subfield>
  </datafield>
  <datafield tag="690" ind1=" " ind2=" ">
    <subfield code="a">primary health care</subfield>
  </datafield>
  <datafield tag="786" ind1="0" ind2=" ">
    <subfield code="n">Sant&#xE9; Publique | 25 | 3 | 2013-07-22 | p. 331-341 | 0995-3914</subfield>
  </datafield>
  <datafield tag="856" ind1="4" ind2="1">
    <subfield code="u">https://stm.cairn.info/revue-sante-publique-2013-3-page-331?lang=fr&amp;redirect-ssocas=7080</subfield>
  </datafield>
  <datafield tag="999" ind1=" " ind2=" ">
    <subfield code="c">2231696</subfield>
    <subfield code="d">2231696</subfield>
  </datafield>
</record>
